| 000 | 01490cam a2200253 4500 | ||
|---|---|---|---|
| 001 | WB3910-17 | ||
| 008 | 030312n2003 000 0 eng u | ||
| 035 | _a(Sirsi) u121607 | ||
| 245 | _aScottish rural housing rules relaxed | ||
| 260 | _c2003 | ||
| 490 |
_aPlanning (for the Natural and Built Environment) _v7 March 2003, (1) |
||
| 520 | _aThe recent publication of Scottish Planning Policy 3 (SPP3) signals the need to adjust the rules restricting new housing in rural Scotland to stimulate economic and social regeneration following major changes in agriculture. SPP3 calls for development plans to include criteria for judging any rural housing proposals not specifically provided for in the plans. This could include second homes. SPP3 also stresses the importance of good housing design, guidance on which should be clearly given in development plans.Two Planning Advice Notes 38 on housing land and 67 on housing quality complement SPP3. SPP3 is available at http://www.scotland.gov.uk/library5/planning/spp3-00.asp; PAN 38 at http://www.scotland.gov.uk/library5/planning/pan38-00.asp and PAN 67 at http://www.scotland.gov.uk/library5/planning/pan67-00.asp | ||
| 590 | _aWB | ||
| 650 | _aSCOTLAND | ||
| 650 | _aSPP3 | ||
| 650 | _aPAN38 | ||
| 650 | _aPAN67 | ||
| 650 | _aDEVELOPMENT PLANNING | ||
| 650 | _aRURAL HOUSING | ||
| 650 | _aHOUSING LAND | ||
| 650 | _aHOUSING QUALITY | ||
| 690 | _aENVIRONMENTAL AND LAND CONSULTANCY-PLANNING AND DEVELOPMENT | ||
| 942 | _n0 | ||
| 999 |
_c72291 _d72291 |
||